Elements of Digital Signal Processing / (Record no. 190844)
[ view plain ]
| 000 -LEADER | |
|---|---|
| fixed length control field | 00984 a2200181 4500 |
| 003 - CONTROL NUMBER IDENTIFIER | |
| control field | Nust |
| 005 - DATE AND TIME OF LATEST TRANSACTION | |
| control field | 20221216104605.0 |
| 020 ## - INTERNATIONAL STANDARD BOOK NUMBER | |
| International Standard Book Number | 81-7409-066-5 |
| 040 ## - CATALOGING SOURCE | |
| Transcribing agency | Nust |
| 082 ## - DEWEY DECIMAL CLASSIFICATION NUMBER | |
| Classification number | 621.3822,SAR |
| 100 ## - MAIN ENTRY--PERSONAL NAME | |
| Personal name | Prof.N.Sarkar |
| 9 (RLIN) | 772 |
| 245 ## - TITLE STATEMENT | |
| Title | Elements of Digital Signal Processing / |
| Statement of responsibility, etc. | Prof.N.Sarkar |
| 260 ## - PUBLICATION, DISTRIBUTION, ETC. | |
| Place of publication, distribution, etc. | Khanna |
| Name of publisher, distributor, etc. | Delhi |
| Date of publication, distribution, etc. | 2003 |
| 300 ## - PHYSICAL DESCRIPTION | |
| Extent | xvii,775p |
| 505 ## - FORMATTED CONTENTS NOTE | |
| Formatted contents note | Introduction to Digital Signals and Signal Processing (Page-1), Z-Transform (Page-81), Discrete Fourier Transform (Page-155), Computation of DFT Using Fast Fourier Transform (Page-232), Theory and Design of Infinite Impulse Response (IIR) Digital Filters (Page-281), Theory and Design of Finite Impulse Response Digital Filters (Page-374), Finite Word Length Effects in Digital Filters (Page-466), Discrete Hilbert Transform (Page-525), Analog Signal Processing and Filter Design (Page-574), Applications of Digital Signal Processing (Page-624). |
| 650 ## - SUBJECT ADDED ENTRY--TOPICAL TERM | |
| Topical term or geographic name entry element | Telecommunication engineering |
| 942 ## - ADDED ENTRY ELEMENTS (KOHA) | |
| Source of classification or shelving scheme | |
| Koha item type | Book |
| Withdrawn status | Lost status | Source of classification or shelving scheme | Damaged status | Not for loan | Permanent Location | Current Location | Shelving location | Date acquired | Full call number | Barcode | Date last seen | Price effective from | Koha item type | Public note |
|---|---|---|---|---|---|---|---|---|---|---|---|---|---|---|
| Military College of Signals (MCS) | Military College of Signals (MCS) | General Stacks | 12/12/2016 | 621.3822,SAR | MCS32597 | 12/08/2016 | 12/12/2016 | Book | Almirah No.37, Shelf No.2 |
